Statistics for Robbos quiz

Click here to take the quiz!

General Stats

  • This quiz has been taken 6 times
    (3 since last reset)
  • The average score is 2 of 5

Answer Stats

Hint Answer % Correct
How many of your Tops I have atm4
100%
Our potential kids names (4)Ivy Ali Zac Tia
50%
Our SongCall Me Maybe
50%
Karen's nail colour(s) atmOrange and green
0%
Our sayingHappy Today
0%

Score Distribution

Percentile by Number Answered

Percent of People with Each Score

Your Score History

You have not taken this quiz since the last reset